Design Of Jigs, Fixtures And Press Tools (Record no. 318357)

MARC details
000 -LEADER
fixed length control field 00416nam a2200145Ia 4500
008 - FIXED-LENGTH DATA ELEMENTS--GENERAL INFORMATION
fixed length control field 230718s9999 xx 000 0 und d
041 ## - LANGUAGE CODE
Language code of text/sound track or separate title eng
082 ## - DEWEY DECIMAL CLASSIFICATION NUMBER
Classification number 621.992
Item number ELA
100 ## - MAIN ENTRY--PERSONAL NAME
Personal name Elanchezhian C.
245 ## - TITLE STATEMENT
Title Design Of Jigs, Fixtures And Press Tools
260 ## - PUBLICATION, DISTRIBUTION, ETC. (IMPRINT)
Name of publisher, distributor, etc. Eswar Press
365 ## - TRADE PRICE
Currency code Rs.
Price amount 495.00
700 ## - ADDED ENTRY--PERSONAL NAME
Personal name Elanchezhian C.; Selwyn T.S. & Ramnath B.V.
9 (RLIN) 189868
906 ## - LOCAL DATA ELEMENT F, LDF (RLIN)
d B:321021-Jan-2008
c MECH
b 99
Holdings
Withdrawn status Lost status Damaged status Not for loan Home library Current library Date acquired Vendor Budget Code Cost, normal purchase price Bill number Total Checkouts Full call number Barcode Date last seen Date last checked out Discount Cost, replacement price Bill Date Koha item type Original Barcode
        Cummins College of Engineering for Women Pune Cummins College of Engineering for Women Pune 13/02/2008 Tbs MECH 396.00 3210 3 621.992 CCEP-BK-29564 14/03/2026 11/03/2026 99 495.00 21/01/2008 Books 029564